000 00460nam a2200181Ia 4500
005 20250423100906.0
008 250422s9999 xx 000 0 und d
020 _a0- 226- 52747- 6
050 _aHG 173 .M625/
100 _aBruce D. Grundy
245 0 _aSelected works of Merton H. Miller: celebration of markets
260 _aLondon
260 _bUniversity of Chicago Press
260 _c2002
300 _a417 p
650 _aFinance
942 _cBK
999 _c34658
_d34658